| 000 | 03008njm a2200505 c 4500 | ||
|---|---|---|---|
| 003 | BLK | ||
| 005 | 20180421002630.0 | ||
| 008 | 180410b bul||n||s|||||||| n|bulo| | ||
| 010 | _aCDD00006442000 | ||
| 040 | _aBLK | ||
| 041 |
_aDEU _cDEU |
||
| 072 | 7 |
_2bullib _aФ0502 _xЗабавна музика Ф |
|
| 080 |
_aМузика към филми _b78:791.43 _x(430)(092) _z78:791.43(430)(092) |
||
| 080 |
_aНемски продуцент, основател на звукозаписната компания ECM _b929 Айхер, Манфред _x _z929 Айхер, Манфред |
||
| 139 |
_aSounds and Silence _bS 75 |
||
| 245 | 1 | 0 |
_aSounds and Silence [CD аудио] _bTravels with Manfred Eicher : Music for the Film |
| 257 | _aDEU | ||
| 260 |
_bECM Rec. _c2011 |
||
| 300 |
_c12 cm. Stereo _fбр. в к-т _g1 CD |
||
| 306 | _a75 мин. 58сек. | ||
| 380 | _a7 | ||
| 505 |
_rGeorges I. Gurdjieff; пиано Keith Jarrett. _tReading of Sacred Books |
||
| 505 |
_rArvo Part; изп. Tallinn Chamber Orchestra; диригент Tonu Kaljuste. _tFur Lennart in memoriam |
||
| 505 |
_rGiovanni G. Kapsberg; архилютня Rolf Lislevand; барокова китара Rolf Lislevand; глас Arianna Savall; ударни инстр. Pedro Estevan; китара батенте Thor-Harald Johnesen. _tArpeggiata addio |
||
| 505 |
_rNik Bartsch; пиано Nik Bartsch; бас китара Bjorn Meyer; ударни инстр. Kaspar Rust; ударни инстр. Andi Pupato. _tModul 42 |
||
| 505 |
_rAnouar Brahem; уд Anouar Brahem; пиано Francois Couturier; акордеон Jean-Louis Matinier. _tSur le feluve |
||
| 505 |
_rMarilyn Mazur; ударни инстр. Marilyn Mazur. _tCreature Walk |
||
| 505 |
_rDino Saluzzi; бандонеон Dino Saluzzi; виолончело Anja Lecher. _tTango a mi padre |
||
| 505 | _tFarewell Theme | ||
| 505 |
_rEleni Karaindrou; тенор саксофон Jan Garbarek; виола Kim Kashkashian; пиано Eleni Karaindrou; изп. Camerata Orchestra Athens; диригент Alexandros Myrat. _tTo Vals Tou Gamou |
||
| 505 |
_rVincente Greco; бандонеон Dino Saluzzi; виолончело Anja Lecher. _tOjos Negros |
||
| 505 |
_rGiacomo Puccini; аранжимент Natale Arnoldi; алт саксофон Gianluigi Trovesi; изп. Filarmonica Mousike; диригент Savino Acquaviva. _tCosi, Tosca |
||
| 505 |
_rGeorges I. Gurdjieff; пиано Keith Jarrett. _tReading of Sacred Books |
||
| 505 |
_rArvo Part; изп. Estonian Philarmonic Chamber Choir; изп. Tallinn Chamber Orchestra; диригент Tonu Kaljuste. _tDa Pacem Domine |
||
| 650 | 4 |
_aЗвукозапис - компании, немски _9355144 |
|
| 653 | _aзвукозаписи | ||
| 653 | _aМанфред Айхер | ||
| 653 | _aECM | ||
| 659 | _aФ | ||
| 852 |
_aЦб CD 3066 _p13 |
||
| 856 | 4 |
_qpdf _u |
|
| 856 | 4 |
_qpdf _u |
|
| 942 |
_cCDD _n0 |
||
| 944 |
_aCR _c19.03.2012 _kТеодора_Стоянова |
||
| 944 |
_aED _c19.03.2012 _k |
||
| 999 |
_c224808 _d224808 |
||